Name a Valid Answer - General Knowledge #2 - Statistics

General Stats
  • This quiz has been taken 35,373 times
  • The average score is 11 of 18
Answer Stats
Category # Valid Answers % Correct
National currency that starts with R 10 Rand | Real | Rial | Riel | Ringgit | Riyal | Ruble | Rufiyaa | Rupee | Rupiah
96%
One of the five stages of grief 5 denial | anger | bargaining | depression | acceptance
86%
Racket sport in the Olympics other than tennis 2 badminton | table tennis
85%
County in England ending in "shire" 25 North Yorkshire | Oxfordshire | Cambridgeshire | Lancashire | Hampshire | Lincolnshire | others...
79%
One of the seven most common last names in England OTHER than Smith 6 Jones | Taylor | Brown | Williams | Wilson | Johnson
79%
Element of the Periodic Table starting with P 9 Palladium | Phosphorus | Platinum | Plutonium | Polonium | Potassium | Praseodymium | Promethium | Protactinium
78%
One of the eight largest tire manufacturersin the world (2022) 8 Michelin | Bridgestone | Goodyear | Continental | Sumitomo | Pirelli | Hankook | Yokohama
77%
Power-up in the game "Super Mario Bros. 3" 9 mushroom | flower | star | super leaf | tanooki suit | hammer suit | p-wing | goomba's shoe | frog suit
75%
State of Australia named for a person 3 Queensland | Tasmania | Victoria
70%
Pixar movie set in Latin America 2 Coco | Up
64%
One of the clefs that appears on a typical piece of piano music 2 Bass | Treble
53%
Capital city located on the Persian Gulf 4 Abu Dhabi | Doha | Kuwait City | Manama
52%
Major river whose name is only 2 letters long 2 Ob | Po
52%
Person who has been married to Tom Cruise 3 Mimi Rogers | Nicole Kidman | Katie Holmes
49%
Real-life tropical destination mentioned in the song "Kokomo" 9 Aruba | Jamaica | Bermuda | Bahama(s) | Key Largo | Montego (Bay) | Martinique | Montserrat | Port-au-Prince
48%
Type of jump in figure skating 7 Euler jump | toe loop | flip | lutz | salchow | loop | axel
43%
One of the 3 biggest lakes located entirely within Canada 3 Great Bear Lake | Great Slave Lake | Lake Winnipeg
24%
Common edible mushroom whose name ends in the letter i 4 enoki | eryngii | crimini | porcini
19%
No matching quizzes found
Score Distribution
Percent of People with Each Score
Percentile by Number Answered
Your Score History
You have not taken this quiz